[Event "MNT-chT1"]
[Site "Cetinje"]
[Date "2013.09.21"]
[Round "8"]
[White "Rakcevic, Slavko"]
[Black "Vih, Antun"]
[Result "0-1"]
[WhiteElo "1934"]
[BlackElo "2163"]
[PlyCount "64"]
[EventDate "2013.08.30"]
[EventType "team-tourn"]
[EventRounds "9"]
[EventCountry "MNE"]
[SourceTitle "CBM 156 Extra"]
[Source "ChessBase"]
[SourceDate "2013.10.22"]
[SourceVersion "1"]
[SourceVersionDate "2013.10.22"]
[SourceQuality "1"]

1. e4 c5 2. Nf3 Nc6 3. c3 Nf6 4. e5 Nd5 5. Bc4 Nb6 6. Bb3 d5 7. exd6 Qxd6 8. 0-0 g6 9. Ng5 c4 10. Bc2 Bg7 11. Ne4 Qc7 12. d4 cxd3 13. Bxd3 0-0 14. Qf3 Ne5 15. Qg3 Qc6 16. Bf4 Nxd3 17. Qxd3 Bf5 18. Nbd2 Rfd8 19. Qe2 Nd5 20. Bg3 e5 21. Rfe1 Nf4 22. Qc4 Bxe4 23. Bxf4 exf4 24. Rxe4 Rxd2 25. Rxf4 Qxc4 26. Rxc4 Rxb2 27. Rc7 Rd8 28. h3 Rdd2 29. Rf1 Be5 30. Rc5 Bd6 31. Rc8+ Kg7 32. c4 b6 0-1

[Event "MNT-chT"]
[Site "Cetinje"]
[Date "2012.08.11"]
[Round "9"]
[White "Vih, Antun"]
[Black "Pikula, Dejan"]
[Result "0-1"]
[WhiteElo "2182"]
[BlackElo "2494"]
[PlyCount "82"]
[EventDate "2012.08.03"]
[EventType "team-tourn"]
[EventRounds "9"]
[EventCountry "MNE"]
[SourceTitle "CBM 149 Extra"]
[Source "ChessBase"]
[SourceDate "2012.08.24"]
[SourceVersion "1"]
[SourceVersionDate "2012.08.24"]
[SourceQuality "1"]

1. d4 Nf6 2. Nf3 e6 3. c4 b6 4. g3 Ba6 5. Qa4 Bb7 6. Bg2 g6 7. 0-0 Bg7 8. Nc3 Ne4 9. Nxe4 Bxe4 10. Rd1 0-0 11. d5 Qc8 12. Nh4 Bxg2 13. Nxg2 d6 14. Rb1 e5 15. b4 Qg4 16. Qc2 Nd7 17. Be3 f5 18. f3 Qh5 19. c5 f4 20. Bf2 fxg3 21. hxg3 e4 22. Qxe4 Rae8 23. Nf4 Rxe4 24. Nxh5 Rxe2 25. Nxg7 Kxg7 26. Re1 Rxe1+ 27. Rxe1 Rxf3 28. cxd6 cxd6 29. Re7+ Rf7 30. Re6 Kf8 31. Rxd6 Ne5 32. Be3 Rd7 33. Rxd7 Nxd7 34. Bg5 Kf7 35. Kg2 Nf6 36. d6 Ke6 37. b5 Ne4 38. Bf4 Nxd6 39. a4 Kd5 40. Kf3 h5 41. Bxd6 Kxd6 0-1

[Event "MNT-chT"]
[Site "Cetinje"]
[Date "2012.08.05"]
[Round "3"]
[White "Vih, Antun"]
[Black "Draskovic, Luka"]
[Result "0-1"]
[WhiteElo "2182"]
[BlackElo "2303"]
[PlyCount "74"]
[EventDate "2012.08.03"]
[EventType "team-tourn"]
[EventRounds "9"]
[EventCountry "MNE"]
[SourceTitle "CBM 149 Extra"]
[Source "ChessBase"]
[SourceDate "2012.08.24"]
[SourceVersion "1"]
[SourceVersionDate "2012.08.24"]
[SourceQuality "1"]

1. d4 Nf6 2. Nf3 e6 3. c4 b6 4. g3 Ba6 5. Qa4 Bb7 6. Bg2 c5 7. dxc5 bxc5 8. 0-0 Be7 9. Nc3 0-0 10. Rd1 d6 11. Bf4 Qb6 12. Rd2 Rd8 13. Rad1 h6 14. Qb3 Ne8 15. Nb5 e5 16. Nxe5 Bxg2 17. Nxf7 Kxf7 18. Kxg2 Qc6+ 19. f3 Na6 20. Qc2 Qc8 21. Nxd6+ Nxd6 22. Bxd6 Bf6 23. Qe4 Bd4 24. Qf4+ Bf6 25. e4 g5 26. Qe3 Bd4 27. Rxd4 cxd4 28. Qxd4 Qe6 29. e5 Kg7 30. b3 Nc7 31. Qe4 Ne8 32. c5 Rac8 33. Rd2 Rxc5 34. Qd4 Rcc8 35. Qxa7+ Rc7 36. Qd4 Rcd7 37. Re2 Kg8 0-1

[Event "MNT CupT"]
[Site "Tivat"]
[Date "2011.05.02"]
[Round "5"]
[White "Vih, Antun"]
[Black "Brenjo, Slavisa"]
[Result "0-1"]
[WhiteElo "2191"]
[BlackElo "2521"]
[PlyCount "94"]
[EventDate "2011.04.28"]
[EventType "team-tourn"]
[EventRounds "5"]
[EventCountry "MNE"]
[SourceTitle "CBM 142 Extra"]
[Source "ChessBase"]
[SourceDate "2011.06.27"]
[SourceVersion "1"]
[SourceVersionDate "2011.06.27"]
[SourceQuality "1"]

1. d4 Nf6 2. Nf3 g6 3. g3 Bg7 4. Bg2 0-0 5. c4 d6 6. 0-0 Nc6 7. Nc3 Bf5 8. d5 Na5 9. Nd4 Bd7 10. b3 c5 11. Nc2 a6 12. Bb2 b5 13. Qd3 Rb8 14. Rab1 bxc4 15. bxc4 Ng4 16. f4 Rb4 17. Nxb4 cxb4 18. Nd1 Qb6+ 19. Kh1 Bxb2 20. Rxb2 Rc8 21. a3 b3 22. h3 Nf6 23. Ne3 Qc5 24. Rxb3 Nxb3 25. Qxb3 Ba4 26. Qxa4 Qxe3 27. Qxa6 Rb8 28. c5 Nh5 29. Rf3 Rb1+ 30. Bf1 Rxf1+ 31. Rxf1 Nxg3+ 32. Kg2 Nxf1 33. Kxf1 Qxf4+ 34. Kg2 Qe4+ 35. Kf1 Qh1+ 36. Kf2 Qh2+ 37. Kf1 Qxh3+ 38. Kf2 Qh2+ 39. Kf1 Qf4+ 40. Kg2 Qe4+ 41. Kf1 Qf4+ 42. Kg2 Qg4+ 43. Kf1 dxc5 44. Qc6 Qf4+ 45. Kg2 Qe3 46. a4 Qxe2+ 47. Kg3 c4 0-1

[Event "MNT CupT"]
[Site "Tivat"]
[Date "2011.05.01"]
[Round "4"]
[White "Vlatkovic, Milos"]
[Black "Vih, Antun"]
[Result "1-0"]
[WhiteElo "2317"]
[BlackElo "2191"]
[PlyCount "85"]
[EventDate "2011.04.28"]
[EventType "team-tourn"]
[EventRounds "5"]
[EventCountry "MNE"]
[SourceTitle "CBM 142 Extra"]
[Source "ChessBase"]
[SourceDate "2011.06.27"]
[SourceVersion "1"]
[SourceVersionDate "2011.06.27"]
[SourceQuality "1"]

1. d4 Nf6 2. c4 e6 3. Nc3 Bb4 4. Bg5 h6 5. Bh4 c5 6. d5 b5 7. e3 0-0 8. Be2 bxc4 9. Bxc4 d6 10. Nge2 e5 11. 0-0 Bxc3 12. Nxc3 Re8 13. Ne4 g5 14. Nxf6+ Qxf6 15. Bg3 Nd7 16. f4 gxf4 17. exf4 e4 18. Qe2 Rb8 19. b3 Nb6 20. f5 Nxc4 21. bxc4 Rb2 22. Qg4+ Kh7 23. Rae1 e3 24. Qf3 e2 25. Rf2 Rxa2 26. Qf4 Re5 27. Bh4 Qxf5 28. Qc1 Qh5 29. Qb1+ Bf5 30. Qxa2 Qxh4 31. Rexe2 Rxe2 32. Qxe2 Bg6 33. h3 a5 34. Rf3 Bh5 35. Qc2+ Kg8 36. Re3 Qd4 37. Qd3 Qxd3 38. Rxd3 Be2 39. Rc3 a4 40. Kf2 Bd1 41. Ke1 Bb3 42. Kd2 Kg7 43. Rc1 1-0

[Event "MNT-chT"]
[Site "Cetinje"]
[Date "2010.09.11"]
[Round "4"]
[White "Vujacic, Igor"]
[Black "Vih, Antun"]
[Result "1/2-1/2"]
[WhiteElo "2204"]
[BlackElo "2201"]
[PlyCount "107"]
[EventDate "2010.08.27"]
[EventType "team-tourn"]
[EventRounds "9"]
[EventCountry "MNE"]
[SourceTitle "CBM 138 Extra"]
[Source "ChessBase"]
[SourceDate "2010.10.29"]
[SourceVersion "1"]
[SourceVersionDate "2010.10.29"]
[SourceQuality "1"]

1. e4 c5 2. Nf3 Nc6 3. d4 cxd4 4. Nxd4 Qc7 5. Nc3 e6 6. Be2 a6 7. 0-0 Nf6 8. Kh1 Nxd4 9. Qxd4 Bc5 10. Qd3 b5 11. Bg5 Bb7 12. a3 h5 13. f4 Ng4 14. e5 Ne3 15. Rf3 Qc6 16. Bf1 Nf5 17. Re1 h4 18. Rh3 Ba7 19. Ne4 Qb6 20. Be2 Rc8 21. Bg4 Bxe4 22. Qxe4 Qf2 23. Bxf5 exf5 24. Qb4 Bc5 25. Qc3 Rc6 26. Rf3 Qd4 27. Qxd4 Bxd4 28. c3 Bc5 29. Rh3 Be7 30. g3 Bxg5 31. fxg5 Rc4 32. Re3 Rg4 33. gxh4 Rgxh4 34. Rxh4 Rxh4 35. Kg2 Rg4+ 36. Kf3 g6 37. Rd3 Rxg5 38. Rd6 Rh5 39. Kg3 f4+ 40. Kxf4 Rxh2 41. b4 Rh3 42. Rxa6 Rxc3 43. Ra5 Ke7 44. Rxb5 Rxa3 45. Rb8 Rc3 46. Ke4 Rb3 47. Kd5 Rd3+ 48. Ke4 Rd1 49. b5 d6 50. exd6+ Rxd6 51. b6 Rd1 52. b7 Rb1 53. Kd5 Kf6 54. Kc6 1/2-1/2

[Event "MNT-chT"]
[Site "Cetinje"]
[Date "2009.10.23"]
[Round "7"]
[White "Radonjic, Goran"]
[Black "Vih, Antun"]
[Result "0-1"]
[WhiteElo "2125"]
[BlackElo "2185"]
[PlyCount "94"]
[EventDate "2009.09.18"]
[EventType "team-tourn"]
[EventRounds "9"]
[EventCountry "MNE"]
[SourceTitle "EXT 2011"]
[Source "ChessBase"]
[SourceDate "2010.11.26"]
[SourceVersion "1"]
[SourceVersionDate "2010.11.26"]
[SourceQuality "1"]

1. d4 Nf6 2. Nf3 e6 3. c4 b6 4. a3 Ba6 5. Nbd2 d5 6. e3 Be7 7. Qa4+ Qd7 8. Qc2 0-0 9. Ne5 Qc8 10. c5 Bxf1 11. Nxf1 bxc5 12. dxc5 Nfd7 13. Nd3 Bf6 14. Ng3 g6 15. 0-0 Nc6 16. Rb1 Nde5 17. Nxe5 Nxe5 18. e4 Rb8 19. Rd1 Rd8 20. b3 Qb7 21. Bf4 a5 22. exd5 Rxd5 23. Rxd5 Qxd5 24. h3 Rd8 25. Ne4 Bg7 26. Bg5 Qd3 27. Qxd3 Rxd3 28. Kf1 f5 29. Nd2 Nc6 30. Be3 e5 31. Ke2 Rc3 32. g3 e4 33. Nc4 a4 34. Nd2 Nd4+ 35. Bxd4 Bxd4 36. bxa4 Bxc5 37. Nb3 Ba7 38. Rb2 Kf7 39. Nd2 Rxa3 40. Rb7 Bb6 41. Nc4 Ra2+ 42. Kf1 Bxf2 43. Rxc7+ Kf6 44. g4 Bg3 45. Rxh7 f4 46. Nd6 Rxa4 47. h4 e3 0-1

[Event "MNT-chT1"]
[Site "Podgorica"]
[Date "2007.09.16"]
[Round "3"]
[White "Vih, Antun"]
[Black "Kostic, Vladimir G"]
[Result "1/2-1/2"]
[WhiteElo "2099"]
[BlackElo "2402"]
[PlyCount "89"]
[EventDate "2007.08.26"]
[EventType "team-tourn"]
[EventRounds "9"]
[EventCountry "MNE"]
[SourceTitle "EXT 2009"]
[Source "ChessBase"]
[SourceDate "2008.11.26"]
[SourceVersion "1"]
[SourceVersionDate "2008.11.26"]
[SourceQuality "1"]

1. d4 d5 2. c4 e6 3. Nf3 Nf6 4. g3 Be7 5. Bg2 0-0 6. Qc2 h6 7. 0-0 Nbd7 8. Rd1 c6 9. b3 Bd6 10. Nc3 b6 11. e4 dxe4 12. Nxe4 Nxe4 13. Qxe4 Bb7 14. Ne5 Rc8 15. Bb2 Qc7 16. c5 Be7 17. Nxd7 Qxd7 18. b4 Rfe8 19. a4 Bf6 20. Bf3 Qc7 21. cxb6 Qxb6 22. Bc3 Ba8 23. Qf4 Qb8 24. Qxb8 Rxb8 25. Rd3 Rbd8 26. b5 cxb5 27. axb5 Bxf3 28. Rxf3 Rd7 29. Bb2 Rb7 30. Rb3 Rd8 31. Ra4 Rd5 32. Bc3 Rdxb5 33. Rxb5 Rxb5 34. Rxa7 Rd5 35. Ra4 Kh7 36. Kg2 Kg6 37. Kf3 h5 38. h4 Kf5 39. Ra7 Kg6 40. Ra4 Rd7 41. Ke4 Rc7 42. Bd2 Rd7 43. Be3 Rd5 44. Rc4 Kh7 45. Rc5 1/2-1/2